000 00674nam a2200289Ia 4500
005 20260324140235.0
008 008 260324s9999 xx 000 0 eng d
020 _a9780203044940
037 _aEBOOK
040 _aCRL
040 _beng
040 _cCRL
041 _2eng
041 _aeng
084 _qCRL
100 _aTony, Le Tissier MBE
_91203643
245 0 _aRace for the Reichstag
245 4 _bThe 1945 Battle for Berlin
260 _bTaylor and Francis
260 _c1999
365 _a
365 _b290
856 _uhttp://www.taylorfrancis.com/books/9780203044940
942 _cEBOOK
999 _c1805522
_d1805522